Périodes p Adiques
Na minha lista:
| Autor Corporativo: | |
|---|---|
| Formato: | Livro |
| Idioma: | francês |
| Publicado em: |
París
Société Mathématique de France
1994
|
| Colecção: | Astérisque, 223
|
| Assuntos: | |
| Tags: |
Adicionar Tag
Sem tags, seja o primeiro a adicionar uma tag!
|
MARC
| LEADER | 00000nam a2200000 a 4500 | ||
|---|---|---|---|
| 001 | UCT8266 | ||
| 003 | CL-VaPUC | ||
| 008 | 970326e19940000FR |||||||||||||||||fre|d | ||
| 082 | 0 | 4 | |a 512 |b SOC |2 21 |
| 110 | 2 | |a Société Mathématique de France |e author |9 379895 | |
| 245 | 1 | 0 | |a Périodes p Adiques |
| 300 | |a 397 p | ||
| 942 | |c BK | ||
| 945 | |d 19970326 00:00:00 |a nastorga | ||
| 260 | |a París |b Société Mathématique de France |c 1994 | ||
| 650 | 0 | |a Matemática |9 260235 | |
| 650 | 0 | |a Álgebra |9 259567 | |
| 650 | 0 | |a Geometría |9 264063 | |
| 650 | 0 | |a Teoremas matemáticos |9 379896 | |
| 650 | 0 | |a Logaritmos |9 260266 | |
| 583 | |a last modification |c 19970326 00:00:00 |k Rodrigo Vera | ||
| 490 | 0 | |a Astérisque, 223 | |
| 999 | |c 256782 |d 256780 | ||
| 952 | |0 0 |1 0 |4 0 |6 512_000000000000000_SOC_1994 |7 0 |8 A |9 279752 |a BIBMAT |b BIBMAT |d 2019-11-19 |i 3291464 |o 512 SOC 1994 |p 3291464 |r 2025-01-07 |w 2019-11-19 |y BK |k MAT | ||